000 00197nam a2200085Ia 4500
008 120527s9999 xx 000 0 und d
100 _aSarason & Sarason
245 _aAbnormal Psychology
942 _cBK
999 _c27499
_d27499